Statistics for Most Dangerous Diseases

Click here to take the quiz!

General Stats

  • This quiz has been taken 788 times
    (781 since last reset)
  • The average score is 4 of 11

Answer Stats

Ranking Answer % Correct
#8AIDS Pandemic
75%
#4Malaria
64%
#1Smallpox
59%
#9Third Pandemic of Bubonic Plague
42%
#5Spanish Flu
37%
#2Measles
36%
#3Black Death
34%
#7Tuberculosis
31%
#10Asian Flu
4%
#6Plague of Justinian
3%
#11Seasonal Influenza
2%

Score Distribution

Percentile by Number Answered

Percent of People with Each Score

Your Score History

You have not taken this quiz since the last reset